| 000 | 00739nam a2200265Ia 4500 | ||
|---|---|---|---|
| 003 | OSt | ||
| 005 | 20221006164240.0 | ||
| 006 | a|||||r|||| 00| 0 | ||
| 007 | ta | ||
| 008 | 221006b |||||||| |||| 00| 0 hin d | ||
| 024 | _a3,778 | ||
| 037 | _cTextual | ||
| 040 |
_aFML _cFML _bhin |
||
| 041 |
_2hin _ahin |
||
| 082 | _aNR44,3, 153N5.2 | ||
| 100 |
_aKapila Au. _9676947 |
||
| 245 | 0 |
_aSangeet Ratnavali _b Gayan Bhaag 2 |
|
| 260 |
_aPatiyala _bPunjabi University _c1995 |
||
| 300 |
_a571 _ccm. |
||
| 490 | _v02 | ||
| 700 |
_a Singh Tara Au. _9676948 |
||
| 700 |
_a Surendra Au. _9676949 |
||
| 942 |
_hNR44,3, 153N5.2 _cTEXL _2CC |
||
| 999 |
_c1116635 _d1116635 |
||